Building partnerships in the English regions : a study report of regional and sub-regional partnerships in England. (Record no. 97401)
[ view plain ]
| 000 -LEADER | |
|---|---|
| fixed length control field | 01080cam a2200325 4500 |
| 008 - FIXED-LENGTH DATA ELEMENTS--GENERAL INFORMATION | |
| fixed length control field | 090401t1998 xxu||||| |||| 00| 0 eng d |
| 020 ## - INTERNATIONAL STANDARD BOOK NUMBER | |
| International Standard Book Number | 1851121250 |
| 035 ## - SYSTEM CONTROL NUMBER | |
| System control number | (Sirsi) u88932 |
| 041 ## - LANGUAGE CODE | |
| Language code of text/sound track or separate title | eng |
| 050 ## - LIBRARY OF CONGRESS CALL NUMBER | |
| Classification number | 711.3 |
| 110 ## - MAIN ENTRY--CORPORATE NAME | |
| Corporate name or jurisdiction name as entry element | United Kingdom |
| Subordinate unit | Department of the Environment, Transport and the Regions |
| 9 (RLIN) | 3507 |
| 245 ## - TITLE STATEMENT | |
| Title | Building partnerships in the English regions : a study report of regional and sub-regional partnerships in England. |
| 260 ## - PUBLICATION, DISTRIBUTION, ETC. | |
| Place of publication, distribution, etc. | London |
| Name of publisher, distributor, etc. | DETR |
| Date of publication, distribution, etc. | 1998 |
| 300 ## - PHYSICAL DESCRIPTION | |
| Extent | 65p. ; 30cm. |
| 350 ## - PRICE (NR) (BK AM CF MU VM SE) [OBSOLETE] | |
| Price | 11.5 |
| 520 ## - SUMMARY, ETC. | |
| Summary, etc. | Report prepared for the DETR by GFA Consulting and the European Institute for Urban Affairs. |
| 650 ## - SUBJECT ADDED ENTRY--TOPICAL TERM | |
| Topical term or geographic name entry element | REGIONAL DEVELOPMENT AGENCIES |
| 650 ## - SUBJECT ADDED ENTRY--TOPICAL TERM | |
| Topical term or geographic name entry element | REGIONAL PARTNERSHIPS |
| 690 ## - LOCAL SUBJECT ADDED ENTRY--TOPICAL TERM (OCLC, RLIN) | |
| Topical term or geographic name as entry element | ECONOMIC AND SOCIAL |
| 700 ## - ADDED ENTRY--PERSONAL NAME | |
| Personal name | Harding, Alan |
| 700 ## - ADDED ENTRY--PERSONAL NAME | |
| Personal name | Fordham, Geoff |
| 700 ## - ADDED ENTRY--PERSONAL NAME | |
| Personal name | Evans, Richard |
| 700 ## - ADDED ENTRY--PERSONAL NAME | |
| Personal name | Fordham, Rachel |
| 700 ## - ADDED ENTRY--PERSONAL NAME | |
| Personal name | Harrison, Andrew |
| 700 ## - ADDED ENTRY--PERSONAL NAME | |
| Personal name | Parkinson, Michael |
| 710 ## - ADDED ENTRY--CORPORATE NAME | |
| Corporate name or jurisdiction name as entry element | GFA Consulting |
| 9 (RLIN) | 608 |
| 710 ## - ADDED ENTRY--CORPORATE NAME | |
| Corporate name or jurisdiction name as entry element | European Institute for Urban Affairs |
| 9 (RLIN) | 650 |
| 942 ## - ADDED ENTRY ELEMENTS (KOHA) | |
| Suppress in OPAC | 0 |
| 948 ## - LOCAL PROCESSING INFORMATION (OCLC); SERIES PART DESIGNATOR (RLIN) | |
| c (OCLC) | 12/10/1998 |
| Withdrawn status | Lost status | Source of classification or shelving scheme | Damaged status | Not for loan | Home library | Current library | Shelving location | Date acquired | Cost, normal purchase price | Total Checkouts | Full call number | Barcode | Date last seen | Date last checked out | Copy number | Cost, replacement price | Price effective from | Koha item type |
|---|---|---|---|---|---|---|---|---|---|---|---|---|---|---|---|---|---|---|
| Dewey Decimal Classification | London | London | Folio | 07/12/1998 | 11.50 | 2 | F711.3 | 30057265 | 06/08/2019 | 26/07/2000 | 1 | 11.50 | 06/08/2019 | Book |